000 01120cam a2200337 a 4500
001 12752558
003 OSt
005 20140310181804.0
008 020424s2000 xxu 000 0 eng
010 _a 2002281492
020 _a1888777516
040 _aDLC
_cDLC
_dDLC
050 0 0 _aPE 1146
_b.N532 2000
082 0 0 _aREF 428.1
_bN46 2000
245 0 4 _aThe new international Webster's pocket spelling dictionary of the English language.
246 3 0 _aWebster's pocket spelling dictionary of the English language
246 3 0 _aSpelling dictionary of the English language
246 1 8 _aSpelling
250 _aNew rev. ed., 2000 ed.
260 _a[United States] :
_bTrident Press International,
_c2000
_g(2001 printing)
300 _a318 p. ;
_c17 cm.
521 _a
541 _j1
562 _e1
650 0 _aEnglish language
_xOrthography and spelling
_vDictionaries.
650 0 _aSpellers.
710 2 _aTrident Press International.
906 _a7
_bcbc
_corigcop
_d2
_encip
_f20
_gy-gencatlg
942 _2lcc
_cBK-GR
_kREF
999 _c3746
_d3746